Statistics for Alle lag i topp 5 ligaene i UEFA (2019/20)

Click here to take the quiz!

General Stats

  • This quiz has been taken 26 times
  • The average score is 42 of 98

Answer Stats

LandLag% Correct
SpaniaBarcelona
95%
EnglandLiverpool
95%
SpaniaReal Madrid
95%
EnglandChelsea
90%
EnglandManchester City
90%
EnglandManchester United
90%
EnglandArsenal
86%
EnglandTottenham
81%
EnglandAston Villa
76%
TysklandBayern München
76%
EnglandEverton
76%
ItaliaInternazionale
76%
EnglandNewcastle
76%
FrankrikeParis Saint-Germain
76%
EnglandWest Ham
76%
SpaniaAtlético Madrid
71%
ItaliaJuventus
71%
ItaliaMilan
71%
ItaliaRoma
71%
EnglandSouthampton
71%
SpaniaAthletic Bilbao
67%
SpaniaValencia
67%
TysklandBorussia Dortmund
62%
FrankrikeLyon
62%
FrankrikeMarseille
62%
ItaliaNapoli
62%
EnglandWolverhampton
62%
ItaliaLazio
57%
FrankrikeMonaco
57%
SpaniaSevilla
57%
EnglandBurnley
52%
TysklandEintracht Frankfurt
52%
EnglandNorwich
52%
ItaliaAtalanta
48%
EnglandBrighton & Hove
48%
EnglandLeicester
48%
SpaniaReal Sociedad
48%
TysklandBayer Leverkusen
43%
TysklandKöln
43%
ItaliaTorino
43%
FrankrikeBordeaux
38%
EnglandBournemouth
38%
TysklandHertha Berlin
38%
SpaniaReal Betis
38%
SpaniaVillareal
38%
TysklandWerder Bremen
38%
TysklandWolfsburg
38%
TysklandBorussia Mönchengladbach
33%
EnglandCrystal Palace
33%
ItaliaGenoa
33%
FrankrikeLille
33%
SpaniaMallorca
33%
FrankrikeNantes
33%
TysklandRB Leipzig
33%
EnglandSheffield United
33%
TysklandUnion Berlin
33%
ItaliaBrescia
29%
SpaniaEibar
29%
ItaliaFiorentina
29%
TysklandMainz
29%
ItaliaParma
29%
FrankrikeReims
29%
FrankrikeRennes
29%
FrankrikeSaint-Étienne
29%
ItaliaSampdoria
29%
TysklandSchalke 04
29%
EnglandWatford
29%
TysklandAugsburg
24%
SpaniaCelta Vigo
24%
SpaniaEspanyol
24%
TysklandFortuna Düsseldorf
24%
TysklandFreiburg
24%
TysklandHoffenheim
24%
SpaniaLeganés
24%
SpaniaLevante
24%
FrankrikeMontpellier
24%
FrankrikeNice
24%
FrankrikeNîmes
24%
SpaniaOsasuna
24%
TysklandPaderborn
24%
ItaliaSPAL
24%
FrankrikeToulouse
24%
ItaliaUdinese
24%
SpaniaValladolid
24%
FrankrikeAngers
19%
ItaliaBologna
19%
FrankrikeBrest
19%
ItaliaCagliari
19%
FrankrikeDijon
19%
SpaniaGetafe
19%
SpaniaGrenada
19%
ItaliaHellas Verona
19%
ItaliaLecce
19%
SpaniaAlavés
14%
FrankrikeAmiens
14%
FrankrikeMetz
14%
ItaliaSassuolo
14%
FrankrikeStrasbourg
14%

Score Distribution

Percentile by Number Answered

Percent of People with Each Score

Your Score History

You have not taken this quiz